• 首页
  • 本馆介绍
  • 公告通知
  • 最新文献
  • 馆藏检索
  • 电子资源
  • 读者导购
  • 参考咨询
  • 我的图书馆
  • 登录
  • 详细信息显示
  • 放入我的书架
  • 预约/预借图书
  • 作者相关作品
  • 分类相关作品
  • 丛书相关作品
  • 出版社相关作品

书目信息

  • 表格格式
  • 工作单格式
  • 卡片格式
题名:
诗赋词曲概论
    
 
作者: 丘玉荪 著
分册:  
出版信息: 北京   北京市中国书店  1985
页数: 362页
开本: 21cm
丛书名:
单 册:
中图分类: I207.22 , I207.2
科图分类:
主题词: 古典诗歌-文学研究--中国 , 文学研究-古典诗歌--中国 , 文学--中国
电子资源:
ISBN:
000 00785nam0 2200289 45
001 0185005951
005 20040418125336.3
010    @dCNY1.85
100    @a19901105d1985 em y0chiy0121 ea
101 0  @achi
102    @aCN@b110000
105    @ay zr 000gy
106    @ar
200 10 @a诗赋词曲概论@Ashi fu ci qu gai lun@f丘玉荪著
205    @b影印本
210    @a北京@c北京市中国书店@d1985
215    @a362页@d21cm
300    @a根据1934年中华书局版影印
606    @a古典诗歌-文学研究@y中国
606    @a文学研究-古典诗歌@y中国
606 0  @a文学@x中国
690    @aI207.22@v3
690    @aI207.2@v3
701  0 @a丘玉荪@Aqiu yu sun@4著
801  0 @aCN@b深圳图书馆@c20040418
801  2 @aCN@bNLC@c20040418
905    @f1@f1@b135021@b135016@dI207.2@e205@b135018-020@f3
    
    诗赋词曲概论/丘玉荪著.-影印本.-北京:北京市中国书店,1985
    362页;21cm
    根据1934年中华书局版影印
    
    ISBN :CNY1.85
    
●
相关链接 在E读中查询图书 在五车中查询图书 在当当中查询图书 在豆瓣中查询图书


正题名:诗赋词曲概论     索取号:I207.2/205         预约/预借

序号 登录号 条形码 馆藏地/架位号 状态 备注
1 0135016   000981389   第二借阅区/ [索取号:I207.2/205] 在馆    
2 0135017   001614453   密集书库/ [索取号:I207.2/205] 在馆    
3 0135018   000981398   密集书库/ [索取号:I207.2/205] 在馆    
4 0135019   000981370   密集书库/ [索取号:I207.2/205] 在馆    
5 0135020   000981405   密集书库/ [索取号:I207.2/205] 在馆    
6 0135021   000981414   密集书库/ [索取号:I207.2/205] 在馆    
7 0135022   001671701   密集书库/ [索取号:I207.2/205] 在馆    
8 0135023   202463994   第一样本阅览室/ [索取号:I207.2/205] 在馆    
唐山师范学院图书馆 欢迎您!
大连网信软件有限公司© 版权所有